00162 a2200073 450000100060000010000170000624500400002326000250006323149 aQureshi, A I aThird Five Year Plan & Other Papers abPak Ecs Assoc1965